Light (Record no. 15810)

000 -LEADER
fixed length control field 00520nam a22002051 4500
001 - CONTROL NUMBER
control field 15810
003 - CONTROL NUMBER IDENTIFIER
control field BD-DhUET
008 - FIXED-LENGTH DATA ELEMENTS--GENERAL INFORMATION
fixed length control field 921020s1963 enk 000 0 eng d
040 ## - CATALOGING SOURCE
Original cataloging agency DLC
Transcribing agency DLC
Modifying agency BD-DhUET
082 ## - DEWEY DECIMAL CLASSIFICATION NUMBER
Classification number 535
Item number DIT/1963
100 1# - MAIN ENTRY--PERSONAL NAME
Personal name Ditchburn, R. W.
245 10 - TITLE STATEMENT
Title Light
250 ## - EDITION STATEMENT
Edition statement 2nd ed.
260 ## - PUBLICATION, DISTRIBUTION, ETC. (IMPRINT)
Place of publication, distribution, etc. London
Name of publisher, distributor, etc. Blackie & Son
Date of publication, distribution, etc. 1963
300 ## - PHYSICAL DESCRIPTION
Extent xii, 833 p.
Other physical details ill.
490 ## - SERIES STATEMENT
Series statement Titles in the E. L. B. S. Low-Priced textbook series
504 ## - BIBLIOGRAPHY, ETC. NOTE
Bibliography, etc Includes bibliographies
650 #0 - SUBJECT ADDED ENTRY--TOPICAL TERM
Topical term or geographic name as entry element Light
942 ## - ADDED ENTRY ELEMENTS (KOHA)
Koha item type General Book
Holdings
Sublocation or collection (holding branch) Koha item type Price effective from Koha normalized classification for sorting Location (home branch) Date acquired Shelving location Copy number Lost status Withdrawn status Koha date last seen Source of classification or shelving scheme Piece designation (barcode) Not for loan Damaged status Koha full call number
Central Library, BUETGeneral Book2015-03-15535_000000000000000_DIT_1963Central Library, BUET2015-03-15Circulation section1  2015-03-15 13453  535/DIT/1963
Central Library, BUETGeneral Book2015-03-19535_000000000000000_DIT_1963Central Library, BUET2015-03-19Circulation section2  2015-03-19 13450  535/DIT/1963
Central Library, BUETGeneral Book2015-03-19535_000000000000000_DIT_1963Central Library, BUET2015-03-19Circulation section3  2015-03-19 20826  535/DIT/1963
Central Library, BUETGeneral Book2015-03-21535_000000000000000_DIT_1963Central Library, BUET2015-03-21Circulation section4  2015-03-21 16978  535/DIT/1963
Central Library, BUETGeneral Book2015-03-21535_000000000000000_DIT_1963Central Library, BUET2015-03-21Circulation section5  2015-03-21 13451  535/DIT/1963
Central Library, BUETGeneral Book2015-03-21535_000000000000000_DIT_1963Central Library, BUET2015-03-21Circulation section6  2015-03-21 20825  535/DIT/1963
Central Library, BUETGeneral Book2015-03-21535_000000000000000_DIT_1963Central Library, BUET2015-03-21Circulation section7  2015-03-21 5241  535/DIT/1963
Central Library, BUETGeneral Book2015-03-21535_000000000000000_DIT_1963Central Library, BUET2015-03-21Circulation section8  2015-03-21 13452  535/DIT/1963